000 00879nam a2200277 a 4500
001 000025183
003 DO-SdBNP
005 20180213132813.0
007 000025183
008 110211s1998 dr a 000 0 spa d
040 _aBPMSU
_bspa
_cBPMSU
092 _a843.7
_bD886c
100 1 _aDumas, Alejandro,
_d1802-1870.
245 1 3 _aEl conde de montecristo :
_bversión Montse V /
_cAlejandro Dumas ; ilustración A. Centeno .
260 _aSanto Domingo :
_bTobogan,
_c1998.
_fAlfa y Omega
300 _a143 p. :
_bil. ;
_c24 cm.
490 1 _aClásicos Universales Tobogán
500 _aLa biblioteca posee la versión de 2008
650 4 _aCUENTOS FRANCESES
650 4 _aLITERATURA FRANCESA
700 1 _aMontse V.
830 0 _aClásicos Universales Tobogán
942 _2ddc
_cBK
945 _aInventariado, 2008/LP
956 _aVMATEO
_b10
_c20150515
_lBPMSU
_h0069
999 _c7173
_d7173